Online Catalogue and eLibrary

Mata mathakayi (Record no. 4796)

MARC details
000 -LEADER
fixed length control field 00363nam a2200157Ia 4500
005 - DATE AND TIME OF LATEST TRANSACTION
control field 20250428022654.0
008 - FIXED-LENGTH DATA ELEMENTS--GENERAL INFORMATION
fixed length control field 240331s9999 xx 000 0 und d
020 ## - INTERNATIONAL STANDARD BOOK NUMBER
ISBN 955210730X
082 ## - DDC Classification
Item Number - Author Mark BOT
Class No. 891
100 ## - MAIN ENTRY--PERSONAL NAME
Personal name Botheju,L
245 #0 - TITLE STATEMENT
Title Mata mathakayi
260 ## - PUBLICATION, DISTRIBUTION, ETC.
Place of publication, distribution, etc. Colombo
Name of publisher, distributor, etc. M.D. Gunasena & Sons
Date of publication, distribution, etc. 2000
300 ## - PHYSICAL DESCRIPTION
Extent (e.g. Volumes, Pages etc.) 255 p .,
650 ## - SUBJECT ADDED ENTRY--TOPICAL TERM
Topical term or geographic name entry element A Novel
942 ## - Koha item type (Biblio)
Koha item type Books in Stacks (Lending)
Holdings
Lost status Damaged status Collection code Home library Current library Shelving location Date acquired Full call number Accession Number Item type
    Lending WERC Library WERC Library Social Science Cupboard 03/31/2024 891.48 BOT 4711 Books in Stacks (Lending)

© WERC Library